Sensor and data fusion : a tool for information assessment and decision making (Record no. 193972)

MARC details
000 -LEADER
fixed length control field 00494nam a2200157Ia 4500
005 - DATE AND TIME OF LATEST TRANSACTION
control field 20250527095040.0
008 - FIXED-LENGTH DATA ELEMENTS--GENERAL INFORMATION
fixed length control field 231217s9999 xx 000 0 und d
020 ## - INTERNATIONAL STANDARD BOOK NUMBER
International Standard Book Number 9780819483287
082 ## - DEWEY DECIMAL CLASSIFICATION NUMBER
Classification number 681.2 KLE;1 R
100 ## - MAIN ENTRY--PERSONAL NAME
Personal name Klein, Lawrence A.
245 #0 - TITLE STATEMENT
Title Sensor and data fusion : a tool for information assessment and decision making
260 ## - PUBLICATION, DISTRIBUTION, ETC. (IMPRINT)
Date of publication, distribution, etc. 2004
Name of publisher, distributor, etc. SPIE Press
Place of publication, distribution, etc. Washington
300 ## - PHYSICAL DESCRIPTION
Extent xxii,337
650 ## - SUBJECT ADDED ENTRY--TOPICAL TERM
Topical term or geographic name as entry element Sensor,fusion,tool,information,assessment,decision,making
942 ## - ADDED ENTRY ELEMENTS (KOHA)
Koha item type Books
Holdings
Date last seen Total Checkouts Full call number Accession number Old discount Uniform Resource Identifier Cost, replacement price Price effective from Category Lost status Damaged status Department Withdrawn status bill no. bill date Permanent Location Current Location Shelving location Entry date Vendor Cost, normal purchase price Grants Currency symbol Conversion rate Discount Discount type
26/01/2024   681.2 KLE;1 R 82378 25 digital/contents/82378.pdf 3395.92 26/01/2024 Books     Central Library   BR-668/12 08/03/2018 Central Library Central Library Central Library 04/12/2012 Royal Biblioman 81.00 TC/PG USD 55.9 20.25 Rupees

© For any Suggestions or Query, please contact the library staff @ librarian@pes.edu or Phone: +9180 2672 1983/ 2108.